| 000 | 00849nam a2200193Ii 4500 | ||
|---|---|---|---|
| 003 | JO-AjNU | ||
| 008 | 230605s9999||||xx |||||||||||||| ||und|| | ||
| 040 |
_aJO-AjNU _bara _erda _cJO-AjNU |
||
| 041 | _aara | ||
| 050 | 1 | 4 | _aBP130.F542 |
| 100 | 3 |
_aفكري،علي, _eauthor _913671 |
|
| 245 | 0 | 0 | _aأحسن القصص :يشمل قصص الانبياء عدا اولي العزم من الرسل عليهم الصلاة والسلام، ج1 |
| 264 | 3 | 1 | _aبيروت:دار الكتب العلمية ،د.ت |
| 300 |
_aج1، 168ص _bالجزء الاول :يشمل قصص الانبياء عدا اولي العزم من الرسل عليهم الصلاة والسلام |
||
| 336 |
_atext _btxt _2rdacontent |
||
| 337 |
_aunmediated _bn _2rdamedia |
||
| 338 |
_avolume _bnc _2rdacarrier |
||
| 650 | 4 |
_aقصص الانبياء-القرآن-قصص _913672 |
|
| 999 |
_aA3464 _c7032 _d7032 |
||